Music composition for dummies / (Record no. 111)

MARC details
000 -LEADER
fixed length control field 02412cam a2200325 a 4500
005 - DATE AND TIME OF LATEST TRANSACTION
control field 20260322212006.0
008 - FIXED-LENGTH DATA ELEMENTS--GENERAL INFORMATION
fixed length control field data
010 ## - LIBRARY OF CONGRESS CONTROL NUMBER
LC control number 2007943296
015 ## - NATIONAL BIBLIOGRAPHY NUMBER
National bibliography number GBA794854
Source bnb
016 7# - NATIONAL BIBLIOGRAPHIC AGENCY CONTROL NUMBER
Record control number 014407377
Source Uk
020 ## - INTERNATIONAL STANDARD BOOK NUMBER
International Standard Book Number 9780470224212 (pbk.)
020 ## - INTERNATIONAL STANDARD BOOK NUMBER
International Standard Book Number 0470224215 (pbk.)
040 ## - CATALOGING SOURCE
Original cataloging agency UKM
Transcribing agency UKM
Modifying agency DLC
-- ZS3
-- EPL
-- BTCTA
-- YDXCP
-- VP@
-- BUR
-- MNY
-- B@L
-- DLC
042 ## - AUTHENTICATION CODE
Authentication code lccopycat
050 00 - LIBRARY OF CONGRESS CALL NUMBER
Classification number MT40
Item number .J37 2008
082 00 - DEWEY DECIMAL CLASSIFICATION NUMBER
Classification number 781.3
Edition information 22
092 ## - LOCALLY ASSIGNED DEWEY CALL NUMBER (OCLC)
Classification number 781.3 J37 2008
001 - CONTROL NUMBER
control field data
100 1# - MAIN ENTRY--PERSONAL NAME
Personal name Jarrett, Scott.
245 10 - TITLE STATEMENT
Title Music composition for dummies /
Statement of responsibility, etc. Scott Jarrett & Holly Day.
260 ## - PUBLICATION, DISTRIBUTION, ETC.
Place of publication, distribution, etc. Chichester :
Name of publisher, distributor, etc. John Wiley [distributor],
Place of publication, distribution, etc. Chichester :
Name of publisher, distributor, etc. John Wiley [distributor],
Date of publication, distribution, etc. 2008.
300 ## - PHYSICAL DESCRIPTION
Extent xviii, 336 p. :
Other physical details ill., music ;
Dimensions 24 cm.
490 1# - SERIES STATEMENT
Series statement --For dummies
500 ## - GENERAL NOTE
General note Includes index.
505 0# - FORMATTED CONTENTS NOTE
Formatted contents note 1. Thinking like a composer -- 2. Tools of the trade -- 3. Musical scrapbooks : writing on paper and screen -- 4. Rhythm and mood -- 5. Finding melodies where you least expect them -- 6. Scales and modes, moods and melodies -- 7. Building melodies using motifs and phrases -- 8. Developing your melodies -- 9. Harmonizing with melodies -- 10. Composing with chords -- 11. Composing from the void -- 12. Beginnings, middles, and endings -- 13. Musical forms -- 14. Composing for the standard orchestra -- 15. Composing for the nonstandard orchestra -- 16. Composing for multiple voices -- 17. Composing commercial music and songs -- 18. Composing electronic music -- 19. Composing for other musicians -- 20. Ten composers you should know about -- 21. Nine career opportunities for composers -- 22. Ten recommended books for composers -- 23. Ten periods of music history to explore.
520 ## - SUMMARY, ETC.
Summary, etc. Music Composition For Dummies explains how to use music theory to write music in a variety of forms. It introduces the basic chord construction and shows the reader how to compose music both with chords and melody, develop simple melodic motifs and themes into longer compositions, arrange compositions, create scores, and select the right instruments and voicing to express musical ideas. Music Composition For Dummies also tells how to create popular songs, classically structured pieces, film and television scores, videogame soundtracks, and more using both traditional and improvisational techniques.
650 #0 - SUBJECT ADDED ENTRY--TOPICAL TERM
Topical term or geographic name entry element Composition (Music)
700 1# - ADDED ENTRY--PERSONAL NAME
Personal name Day, Holly.
830 #0 - SERIES ADDED ENTRY--UNIFORM TITLE
Uniform title --For dummies.
Holdings
Withdrawn status Lost status Damaged status Not for loan Home library Current library Shelving location Date acquired Total checkouts Full call number Barcode Date last seen Price effective from Koha item type
        Franklin Franklin General stacks 22/03/2026   781.3 22 BC0010115 22/03/2026 22/03/2026 Books